[Event "European School-ch 2019"]
[Site "Mamaia"]
[Date "2019.06.04"]
[Round "5.21"]
[White "Butolo, Alexandru-Mircea"]
[Black "Samunenkov, Ihor"]
[Result "0-1"]
[WhiteElo "1553"]
[BlackElo "1972"]
[Annotator "NA RC"]
[PlyCount "82"]
[EventDate "2019.05.31"]
[EventType "swiss"]
[EventCountry "ROU"]
[SourceTitle "playchess.com"]
[Source "ChessBase"]
[SourceQuality "1"]
[TimeControl "40/5400+30:1800+30"]

1. c4 {[%emt 0:00:09]} c5 {[%emt 0:00:00]} 2. g3 {[%emt 0:00:14]} Nc6 {[%emt 0:01:29]} 3. Bg2 {[%emt 0:01:23]} g6 {[%emt 0:00:15]} 4. e3 {[%emt 0:00:30]} Bg7 {[%emt 0:01:50]} 5. Ne2 {[%emt 0:00:13]} e5 {[%emt 0:10:31]} 6. Nbc3 {[%emt 0:00:42]} d6 {[%emt 0:07:19]} 7. d3 {[%emt 0:00:19]} Nge7 {[%emt 0:00:18]} 8. O-O {[%emt 0:00:20]} O-O {[%emt 0:00:58]} 9. Rb1 {[%emt 0:01:03]} Be6 {[%emt 0:02:58]} 10. Nd5 {[%emt 0:00:10]} Rb8 {[%emt 0:05:10]} 11. b3 {[%emt 0:00:53]} f5 {[%emt 0:07:18]} 12. f4 {[%emt 0:00:40]} Bxd5 {[%emt 0:02:18]} 13. cxd5 {[%emt 0:00:13]} Nb4 {[%emt 0:00:09]} 14. fxe5 {[%emt 0:03:05]} dxe5 {[%emt 0:08:51]} 15. e4 {[%emt 0:07:45]} Nxa2 {[%emt 0:02:32]} 16. Be3 {[%emt 0:01:33]} b6 {[%emt 0:04:57]} 17. Ra1 {[%emt 0:02:17]} Nb4 {[%emt 0:02:07]} 18. Rxa7 {[%emt 0:01:05]} Nc8 {[%emt 0:02:45]} 19. Ra1 {[%emt 0:04:57]} Nd6 {[%emt 0:01:42]} 20. Qd2 {[%emt 0:02:00]} Ra8 {[%emt 0:04:34]} 21. Nc3 {[%emt 0:05:01]} Rxa1 {[%emt 0:03:43]} 22. Rxa1 {[%emt 0:02:05]} f4 {[%emt 0:01:36]} 23. Bf2 {[%emt 0:02:53]} Bh6 {[%emt 0:04:19]} 24. gxf4 {[%emt 0:02:00]} Bxf4 {[%emt 0:02:06]} 25. Qe2 {[%emt 0:04:56]} Qg5 {[%emt 0:01:38]} 26. Na4 {[%emt 0:01:28]} Nc8 {[%emt 0:03:59]} 27. Nxc5 {[%emt 0:01:10]} bxc5 {[%emt 0:03:12]} 28. Bxc5 {[%emt 0:00:08]} Rf7 {[%emt 0:00:16]} 29. Ra8 {[%emt 0:02:17]} Rc7 {[%emt 0:00:54]} 30. Bxb4 {[%emt 0:00:18]} Rc1+ {[%emt 0:04:56]} 31. Be1 {[%emt 0:00:13]} Kg7 {[%emt 0:00:28]} 32. Ra6 {[%emt 0:08:20]} Qh4 {[%emt 0:03:48]} 33. Kf1 {[%emt 0:00:30]} Bxh2 {[%emt 0:04:59]} 34. Rc6 {[%emt 0:08:19]} Rb1 {[%emt 0:01:01]} 35. Rc7+ {[%emt 0:00:47]} Kh6 {[%emt 0:01:06]} 36. Qf2 {[%emt 0:10:56]} Qxf2+ {[%emt 0:01:09]} 37. Kxf2 {[%emt 0:00:18]} Rb2+ {[%emt 0:00:08]} 38. Kf3 {[%emt 0:00:27]} Nd6 {[%emt 0:00:16]} 39. Bb4 {[%emt 0:01:19]} Nb5 {[%emt 0:00:35]} 40. Bf8+ {[%emt 0:00:00]} Kg5 {[%emt 0:00:00]} 41. Rxh7 {[%emt 0:00:58]} Nd4+ {[%emt 0:00:21]} 0-1

[Event "European School-ch 2019"]
[Site "Mamaia"]
[Date "2019.06.04"]
[Round "5.22"]
[White "Cnejev, Vladimir-Alexandru"]
[Black "Zhelev, Nikolay"]
[Result "0-1"]
[WhiteElo "1970"]
[BlackElo "1710"]
[Annotator "NA RC"]
[PlyCount "104"]
[EventDate "2019.05.31"]
[EventType "swiss"]
[EventCountry "ROU"]
[SourceTitle "playchess.com"]
[Source "ChessBase"]
[SourceQuality "1"]
[TimeControl "40/5400+30:1800+30"]

1. e4 {[%emt 0:00:00]} c5 {[%emt 0:00:00]} 2. Nf3 {[%emt 0:00:00]} Nc6 {[%emt 0:00:18]} 3. c3 {[%emt 0:00:00]} Nf6 {[%emt 0:01:00]} 4. e5 {[%emt 0:00:02]} Nd5 {[%emt 0:00:08]} 5. d4 {[%emt 0:00:09]} cxd4 {[%emt 0:00:49]} 6. cxd4 {[%emt 0:00:01]} d6 {[%emt 0:00:49]} 7. Bc4 {[%emt 0:00:23]} dxe5 {[%emt 0:00:46]} 8. dxe5 {[%emt 0:00:15]} Ndb4 {[%emt 0:04:18]} 9. Qxd8+ {[%emt 0:00:49] B22: Sicilian: 2 c3} Nxd8 {[%emt 0:02:51]} 10. Na3 {[%emt 0:00:46]} a6 {[%emt 0:12:43]} (10... Be6 11. O-O Bxc4 12. Nxc4 Rc8 13. b3 e6 14. Rd1 Ndc6 15. Bb2 Be7 16. Nd4 Nxd4 17. Bxd4 {½-½ (30) Lin,C (2508)-Vidit,S (2717) China 2019}) 11. Bd2 {[%emt 0:00:42]} Ndc6 {[%emt 0:06:20]} 12. O-O Bg4 {[%emt 0:09:39]} 13. Rac1 $146 {[%emt 0:07:52]} ({Predecessor:} 13. e6 Bxe6 14. Bxe6 fxe6 15. Ng5 e5 16. Nc4 Nd3 {½-½ (40) Ioffe,I (2267)-Ismagilov,D (2065) St Petersburg 2018}) 13... e6 {[%emt 0:03:20]} 14. Bc3 {[%emt 0:02:10]} Be7 {[%emt 0:04:17]} 15. h3 {[%emt 0:06:52]} Bf5 {[%emt 0:10:25]} 16. Rfd1 {[%emt 0:12:11]} Be4 {[%emt 0:14:11]} 17. Kf1 {[%emt 0:38:33]} Rd8 {[%emt 0:11:24]} 18. Rxd8+ {[%emt 0:05:07]} Kxd8 {[%emt 0:00:04]} 19. Nd4 {[%emt 0:10:04]} Nxd4 {[%emt 0:06:07]} 20. Bxd4 {[%emt 0:00:09]} Bd5 {[%emt 0:00:06]} 21. Bb6+ {[%emt 0:01:44]} Kd7 {[%emt 0:00:11]} 22. Bxd5 {[%emt 0:01:55]} Nxd5 {[%emt 0:00:05]} 23. Bd4 {[%emt 0:09:05]} Bxa3 {[%emt 0:00:15]} 24. bxa3 {[%emt 0:00:01]} Rc8 {[%emt 0:00:13]} 25. Rxc8 {[%emt 0:00:04]} Kxc8 {[%emt 0:00:05]} 26. g3 {[%emt 0:00:29]} Kc7 {[%emt 0:00:15]} 27. Ke2 {[%emt 0:00:09]} Kc6 {[%emt 0:00:09]} 28. Kd3 {[%emt 0:01:11]} Kb5 {[%emt 0:04:18]} 29. f3 {[%emt 0:01:19]} b6 {[%emt 0:01:26]} 30. Bb2 {[%emt 0:00:27]} Kc5 {[%emt 0:01:03]} 31. Bd4+ {[%emt 0:00:11]} Kb5 {[%emt 0:00:11]} 32. Bb2 {[%emt 0:00:04]} Ka4 {[%emt 0:02:21]} 33. Bc1 {[%emt 0:01:25]} Nc7 {[%emt 0:00:21]} 34. Be3 {[%emt 0:00:35]} Kxa3 {[%emt 0:01:30]} 35. Bxb6 {[%emt 0:00:02]} Nd5 {[%emt 0:00:08]} 36. Bd4 {[%emt 0:00:31]} Kxa2 {[%emt 0:00:17]} 37. Kc4 Kb1 {[%emt 0:00:40]} 38. Kc5 {[%emt 0:00:48]} Kc2 {[%emt 0:01:53]} 39. Kc6 {[%emt 0:00:39]} Kd3 {[%emt 0:00:06]} 40. Ba1 {[%emt 0:00:00]} Ke3 {[%emt 0:00:00]} 41. Kd7 {[%emt 0:01:36]} Kxf3 {[%emt 0:03:42]} 42. Ke8 {[%emt 0:00:04]} Kxg3 {[%emt 0:12:08]} 43. Kxf7 {[%emt 0:00:44]} Nf4 {[%emt 0:01:53]} 44. Kxg7 {[%emt 0:01:06]} h5 {[%emt 0:02:06]} 45. Bc3 {[%emt 0:01:46]} h4 {[%emt 0:09:29]} 46. Bd2 {[%emt 0:04:33]} Nxh3 {[%emt 0:00:43]} 47. Kf6 {[%emt 0:00:16]} Nf4 {[%emt 0:00:06]} 48. Kg5 {[%emt 0:13:32]} Nd3 {[%emt 0:00:33]} 49. Be3 {[%emt 0:00:18]} h3 {[%emt 0:00:12]} 50. Bg1 {[%emt 0:00:06]} h2 {[%emt 0:00:18]} 51. Bxh2+ {[%emt 0:00:09]} Kxh2 {[%emt 0:00:07]} 52. Kf6 {[%emt 0:00:12]} Nf4 0-1

[Event "European School-ch 2019"]
[Site "Mamaia"]
[Date "2019.06.04"]
[Round "5.23"]
[White "Celik, Hasan Huseyin"]
[Black "Saioc, David"]
[Result "1-0"]
[WhiteElo "1727"]
[BlackElo "1744"]
[Annotator "NA RC"]
[PlyCount "101"]
[EventDate "2019.05.31"]
[EventType "swiss"]
[EventCountry "ROU"]
[SourceTitle "playchess.com"]
[Source "ChessBase"]
[SourceQuality "1"]
[TimeControl "40/5400+30:1800+30"]

1. e4 {[%emt 0:00:00]} e6 {[%emt 0:00:00]} 2. d4 {[%emt 0:00:00]} d5 {[%emt 0:00:00]} 3. Nc3 {[%emt 0:00:00]} Bb4 {[%emt 0:00:00]} 4. e5 {[%emt 0:00:00]} c5 {[%emt 0:00:00]} 5. Bd2 {[%emt 0:00:00]} cxd4 {[%emt 0:03:32]} 6. Nb5 {[%emt 0:00:00]} Be7 {[%emt 0:01:57]} 7. f4 {[%emt 0:03:43]} Nh6 {[%emt 0:00:42]} 8. Nxd4 {[%emt 0:20:15]} O-O {[%emt 0:04:09]} 9. Ngf3 {[%emt 0:00:12]} Nc6 {[%emt 0:02:48]} 10. c3 {[%emt 0:01:52]} f6 {[%emt 0:04:29]} 11. Bd3 f5 {[%emt 0:03:38]} 12. Qe2 {[%emt 0:11:12]} a6 {[%emt 0:11:24]} 13. O-O-O {[%emt 0:06:46]} Bd7 {[%emt 0:07:16]} 14. h3 {[%emt 0:00:53]} b5 {[%emt 0:02:31]} 15. Nxc6 Bxc6 {[%emt 0:00:47]} 16. Nd4 {[%emt 0:01:09]} Bd7 {[%emt 0:00:08]} 17. g4 {[%emt 0:00:12]} Qa5 {[%emt 0:07:44]} 18. gxf5 {[%emt 0:00:15]} Nxf5 {[%emt 0:01:00]} 19. Nxf5 {[%emt 0:01:05]} exf5 {[%emt 0:00:07]} 20. Kb1 {[%emt 0:08:28]} Qb6 {[%emt 0:11:04]} 21. Be3 {[%emt 0:00:13]} Qb7 {[%emt 0:00:27]} 22. Bd4 {[%emt 0:00:10]} Be6 {[%emt 0:00:37]} 23. Rhg1 {[%emt 0:03:48]} Rac8 {[%emt 0:06:46]} 24. Qh5 {[%emt 0:00:26]} Bc5 {[%emt 0:01:51]} 25. Qh6 {[%emt 0:01:27]} Bxd4 {[%emt 0:04:28]} 26. cxd4 {[%emt 0:01:32]} Kh8 {[%emt 0:01:01]} 27. Qh4 {[%emt 0:00:33]} b4 {[%emt 0:04:43]} 28. Rc1 {[%emt 0:01:03]} Qb6 {[%emt 0:03:14]} 29. Qf2 {[%emt 0:02:55]} Rcd8 {[%emt 0:02:34]} 30. Rc5 {[%emt 0:00:35]} Qb7 {[%emt 0:04:09]} 31. Rgc1 {[%emt 0:00:25]} Qf7 {[%emt 0:02:58]} 32. Qg2 {[%emt 0:01:51]} Ra8 {[%emt 0:06:14]} 33. Rc7 {[%emt 0:00:18]} Bd7 {[%emt 0:01:56]} 34. R1c5 {[%emt 0:03:31]} Qe6 {[%emt 0:01:47]} 35. Qxd5 {[%emt 0:00:38]} Qg6 {[%emt 0:00:58]} 36. Rxd7 {[%emt 0:01:34]} Qg1+ {[%emt 0:00:15]} 37. Rc1 {[%emt 0:00:10]} Qg3 {[%emt 0:00:14]} 38. Bxf5 {[%emt 0:01:19]} Qxf4 {[%emt 0:00:41]} 39. Bd3 {[%emt 0:03:18]} Qe3 {[%emt 0:00:35]} 40. Qe4 {[%emt 0:00:00]} Qh6 {[%emt 0:00:00]} 41. e6 {[%emt 0:01:02]} Rac8 {[%emt 0:00:44]} 42. Rxc8 {[%emt 0:02:13]} Rxc8 {[%emt 0:00:06]} 43. Qxh7+ {[%emt 0:00:03]} Qxh7 {[%emt 0:00:14]} 44. Bxh7 {[%emt 0:00:04]} Kxh7 {[%emt 0:00:25]} 45. e7 {[%emt 0:00:05]} Re8 {[%emt 0:00:05]} 46. d5 {[%emt 0:00:03]} Kg6 {[%emt 0:00:09]} 47. d6 {[%emt 0:00:03]} Kf7 {[%emt 0:00:04]} 48. Rd8 {[%emt 0:00:03]} g5 {[%emt 0:00:09]} 49. Kc2 {[%emt 0:00:03]} Rxe7 {[%emt 0:00:18]} 50. dxe7 {[%emt 0:00:05]} Kxe7 {[%emt 0:00:05]} 51. Ra8 1-0

[Event "European School-ch 2019"]
[Site "Mamaia"]
[Date "2019.06.04"]
[Round "5.24"]
[White "Cosac, Robert-Mihai"]
[Black "Gusev, Mikhail"]
[Result "0-1"]
[WhiteElo "1795"]
[BlackElo "1463"]
[Annotator "NA RC"]
[PlyCount "94"]
[EventDate "2019.05.31"]
[EventType "swiss"]
[EventCountry "ROU"]
[SourceTitle "playchess.com"]
[Source "ChessBase"]
[SourceQuality "1"]
[TimeControl "40/5400+30:1800+30"]

1. Nf3 {[%emt 0:00:00]} Nf6 {[%emt 0:00:00]} 2. e3 {[%emt 0:00:00]} g6 {[%emt 0:00:07]} 3. b3 {[%emt 0:01:17]} Bg7 {[%emt 0:00:10]} 4. Bb2 {[%emt 0:00:32]} O-O {[%emt 0:00:35]} 5. Be2 {[%emt 0:00:44]} d6 {[%emt 0:00:20]} 6. d4 {[%emt 0:01:18]} Nfd7 {[%emt 0:03:07]} 7. O-O {[%emt 0:02:02]} Nc6 {[%emt 0:00:19]} 8. Nbd2 {[%emt 0:04:22]} e5 {[%emt 0:00:49]} 9. d5 {[%emt 0:04:42]} Ne7 {[%emt 0:00:26]} 10. e4 {[%emt 0:02:46]} h6 {[%emt 0:04:22]} 11. c4 {[%emt 0:03:55]} f5 {[%emt 0:00:59]} 12. Qc2 {[%emt 0:03:23]} Nf6 {[%emt 0:01:08]} 13. Bd3 {[%emt 0:04:08]} f4 {[%emt 0:00:41]} 14. c5 {[%emt 0:02:22]} g5 {[%emt 0:02:31]} 15. cxd6 {[%emt 0:00:47]} cxd6 {[%emt 0:00:24]} 16. Nc4 {[%emt 0:06:54]} Ng6 {[%emt 0:01:26]} 17. Ba3 {[%emt 0:02:57]} Ne8 {[%emt 0:01:05]} 18. Ne1 {[%emt 0:04:54]} g4 {[%emt 0:01:47]} 19. f3 {[%emt 0:01:38]} b5 {[%emt 0:02:24]} 20. Nxd6 {[%emt 0:08:40]} Nxd6 {[%emt 0:11:28]} 21. Qc6 {[%emt 0:00:23]} g3 {[%emt 0:02:24]} 22. Qxd6 {[%emt 0:07:17]} Qh4 {[%emt 0:00:13]} 23. h3 {[%emt 0:00:12]} Kh7 {[%emt 0:14:35]} 24. Qc6 {[%emt 0:05:07]} Rg8 {[%emt 0:03:27]} 25. Qc2 {[%emt 0:02:08]} Bd7 {[%emt 0:01:29]} 26. Qe2 {[%emt 0:01:19]} a6 {[%emt 0:01:18]} 27. Rc1 {[%emt 0:03:28]} Rgc8 {[%emt 0:03:24]} 28. Rc5 {[%emt 0:02:24]} Nh8 {[%emt 0:01:13]} 29. Nc2 {[%emt 0:04:36]} Nf7 {[%emt 0:00:14]} 30. Nd4 {[%emt 0:04:19]} Rxc5 {[%emt 0:02:17]} 31. Bxc5 {[%emt 0:00:07]} Rc8 {[%emt 0:00:30]} 32. Bb4 {[%emt 0:00:58]} Ng5 {[%emt 0:06:06]} 33. Nf5 {[%emt 0:01:11]} Bxf5 {[%emt 0:00:07]} 34. exf5 {[%emt 0:00:06]} e4 {[%emt 0:00:14]} 35. f6 {[%emt 0:01:17]} Bxf6 {[%emt 0:00:17]} 36. Bxe4+ {[%emt 0:00:12]} Kg7 {[%emt 0:01:14]} 37. Bf5 {[%emt 0:01:02]} Rd8 {[%emt 0:02:57]} 38. d6 {[%emt 0:01:04]} a5 {[%emt 0:01:15]} 39. Bc5 {[%emt 0:01:03]} Qh5 {[%emt 0:07:07]} 40. Qxb5 {[%emt 0:00:00]} Nxf3+ {[%emt 0:00:00]} 41. Rxf3 {[%emt 0:06:24]} Qxf5 {[%emt 0:01:39]} 42. Qc4 {[%emt 0:02:50]} Rc8 {[%emt 0:01:36]} 43. Rxf4 {[%emt 0:01:29]} Qxc5+ {[%emt 0:00:02]} 44. Qxc5 {[%emt 0:00:07]} Rxc5 {[%emt 0:00:03]} 45. Rg4+ {[%emt 0:00:05]} Kf7 {[%emt 0:00:11]} 46. Rxg3 {[%emt 0:00:06]} Rc1+ {[%emt 0:00:06]} 47. Kf2 {[%emt 0:00:28]} Bh4 {[%emt 0:00:01]} 0-1

[Event "European School-ch 2019"]
[Site "Mamaia"]
[Date "2019.06.04"]
[Round "5.25"]
[White "Kolesov, Gordey"]
[Black "Kotolashvili, Davit"]
[Result "0-1"]
[WhiteElo "1745"]
[BlackElo "1374"]
[Annotator "NA"]
[PlyCount "154"]
[EventDate "2019.05.31"]
[EventType "swiss"]
[EventCountry "ROU"]
[SourceTitle "playchess.com"]
[Source "ChessBase"]
[SourceQuality "1"]
[TimeControl "40/5400+30:1800+30"]

1. d4 {[%emt 0:00:00]} d5 {[%emt 0:00:00]} 2. c4 {[%emt 0:00:00]} e6 {[%emt 0:00:00]} 3. Nc3 {[%emt 0:00:00]} Be7 {[%emt 0:00:00]} 4. cxd5 {[%emt 0:00:00]} exd5 {[%emt 0:00:00]} 5. Bf4 {[%emt 0:00:00]} c6 {[%emt 0:00:00]} 6. Qc2 {[%emt 0:00:39]} Nf6 {[%emt 0:00:59]} 7. e3 {[%emt 0:00:48]} Nbd7 {[%emt 0:00:43]} 8. h3 {[%emt 0:02:04]} O-O {[%emt 0:01:21]} 9. Bd3 {[%emt 0:00:43]} Re8 {[%emt 0:03:12]} 10. Nf3 {[%emt 0:03:39]} Nf8 {[%emt 0:01:09]} 11. Ne5 {[%emt 0:10:58]} Bd6 {[%emt 0:01:43]} 12. Bh2 {[%emt 0:07:35]} a6 {[%emt 0:13:28]} 13. O-O {[%emt 0:09:56]} N6d7 {[%emt 0:06:28]} 14. Nf3 {[%emt 0:00:23]} Bxh2+ {[%emt 0:01:08]} 15. Kxh2 {[%emt 0:02:41]} Ng6 {[%emt 0:00:42]} 16. Ne2 {[%emt 0:06:25]} Nf6 {[%emt 0:03:06]} 17. Ng3 {[%emt 0:02:14]} Qe7 {[%emt 0:04:24]} 18. Bxg6 {[%emt 0:17:36]} hxg6 {[%emt 0:00:10]} 19. Ne5 {[%emt 0:00:11]} Be6 {[%emt 0:13:25]} 20. Qc3 {[%emt 0:05:31]} Rac8 {[%emt 0:01:35]} 21. b4 {[%emt 0:01:05]} Bf5 {[%emt 0:03:01]} 22. Nxf5 {[%emt 0:06:03]} gxf5 {[%emt 0:00:06]} 23. Qc2 {[%emt 0:02:14]} Qxb4 {[%emt 0:08:22]} 24. Qxf5 {[%emt 0:00:11]} Qe7 {[%emt 0:00:25]} 25. Rfc1 {[%emt 0:08:29]} c5 {[%emt 0:03:22]} 26. g4 {[%emt 0:01:51]} Ne4 {[%emt 0:09:26]} 27. Kg2 {[%emt 0:03:32]} c4 {[%emt 0:02:51]} 28. Nd7 {[%emt 0:05:03]} Qe6 {[%emt 0:00:56]} 29. Qxe6 {[%emt 0:00:29]} Rxe6 {[%emt 0:00:06]} 30. Rab1 {[%emt 0:00:28]} b5 {[%emt 0:01:52]} 31. a4 {[%emt 0:00:45]} Rc7 {[%emt 0:08:49]} 32. Ne5 {[%emt 0:01:14]} Rb7 {[%emt 0:06:49]} 33. axb5 axb5 {[%emt 0:00:21]} 34. f3 {[%emt 0:01:20]} Nd2 {[%emt 0:01:18]} 35. Rb2 {[%emt 0:01:05]} Nb3 {[%emt 0:00:11]} 36. Re1 {[%emt 0:00:36]} Ra6 {[%emt 0:04:47]} 37. e4 {[%emt 0:00:33]} Ra3 {[%emt 0:01:06]} 38. exd5 {[%emt 0:00:44]} c3 {[%emt 0:00:26]} 39. Rf2 {[%emt 0:00:03]} Nxd4 {[%emt 0:00:25]} 40. d6 {[%emt 0:00:00]} Ra6 {[%emt 0:00:00]} 41. d7 {[%emt 0:12:14]} Rd6 {[%emt 0:02:27]} 42. Ra2 {[%emt 0:04:23]} Rb8 {[%emt 0:06:00]} 43. Ra7 {[%emt 0:06:21]} Rd8 {[%emt 0:02:09]} 44. Rc7 {[%emt 0:06:15]} b4 {[%emt 0:00:12]} 45. Ng6 {[%emt 0:04:21]} Ne6 {[%emt 0:04:22]} 46. Rxe6 {[%emt 0:00:36]} fxe6 {[%emt 0:00:28]} 47. Ne5 {[%emt 0:00:13]} R6xd7 {[%emt 0:02:10]} 48. Nxd7 {[%emt 0:00:32]} Rxd7 {[%emt 0:00:07]} 49. Rxd7 {[%emt 0:00:17]} c2 {[%emt 0:00:04]} 50. Rc7 {[%emt 0:00:59]} b3 {[%emt 0:00:04]} 51. Kg3 {[%emt 0:00:25]} b2 {[%emt 0:00:11]} 52. Rxc2 {[%emt 0:00:11]} b1=Q {[%emt 0:00:06]} 53. Re2 {[%emt 0:00:13]} Kf7 {[%emt 0:00:34]} 54. Kg2 {[%emt 0:00:17]} Qd3 {[%emt 0:00:23]} 55. Re4 {[%emt 0:00:21]} Kf6 {[%emt 0:00:23]} 56. Kf2 {[%emt 0:00:15]} e5 {[%emt 0:01:49]} 57. Kg2 {[%emt 0:00:18]} Qd2+ {[%emt 0:01:31]} 58. Kg3 {[%emt 0:00:18]} Qd1 {[%emt 0:00:15]} 59. Kg2 {[%emt 0:00:04]} g5 {[%emt 0:00:40]} 60. Kf2 {[%emt 0:01:05]} Qh1 {[%emt 0:00:46]} 61. Ke2 {[%emt 0:02:16]} Qg2+ {[%emt 0:00:19]} 62. Ke3 {[%emt 0:00:03]} Qxh3 {[%emt 0:00:40]} 63. Ra4 {[%emt 0:00:05]} Qg3 {[%emt 0:01:18]} 64. Ke2 {[%emt 0:00:58]} Qg2+ {[%emt 0:00:27]} 65. Ke3 {[%emt 0:00:03]} Qf1 {[%emt 0:01:02]} 66. Ra2 {[%emt 0:00:42]} Qg1+ {[%emt 0:00:58]} 67. Rf2 {[%emt 0:00:26]} Ke6 {[%emt 0:02:34]} 68. Ke2 {[%emt 0:00:09]} Qc1 {[%emt 0:01:28]} 69. Rf1 {[%emt 0:00:13]} Qc2+ {[%emt 0:00:15]} 70. Ke3 {[%emt 0:00:04]} Kd5 {[%emt 0:00:27]} 71. Re1 {[%emt 0:01:13]} e4 {[%emt 0:01:20]} 72. fxe4+ {[%emt 0:00:20]} Qxe4+ {[%emt 0:00:05]} 73. Kf2 {[%emt 0:00:03]} Qxg4 {[%emt 0:00:10]} 74. Re3 {[%emt 0:00:09]} Qf4+ {[%emt 0:00:09]} 75. Rf3 {[%emt 0:00:14]} Ke4 {[%emt 0:01:17]} 76. Rxf4+ {[%emt 0:00:04]} Kxf4 {[%emt 0:00:03]} 77. Kg2 {[%emt 0:00:05]} Ke5 0-1

[Event "European School-ch 2019"]
[Site "Mamaia"]
[Date "2019.06.04"]
[Round "5.26"]
[White "Krawczyk, Flawian"]
[Black "Kotelnikov, Konstantin"]
[Result "1-0"]
[WhiteElo "1795"]
[BlackElo "1546"]
[Annotator "NA RC"]
[PlyCount "81"]
[EventDate "2019.05.31"]
[EventType "swiss"]
[EventCountry "ROU"]
[SourceTitle "playchess.com"]
[Source "ChessBase"]
[SourceQuality "1"]
[TimeControl "40/5400+30:1800+30"]

1. e4 {[%emt 0:00:01]} e6 {[%emt 0:00:00]} 2. d4 {[%emt 0:00:06]} d5 {[%emt 0:00:00]} 3. Nd2 {[%emt 0:00:05]} Nf6 {[%emt 0:00:51]} 4. e5 {[%emt 0:01:34]} Nfd7 {[%emt 0:00:21]} 5. f4 {[%emt 0:00:06]} c5 {[%emt 0:00:37]} 6. c3 {[%emt 0:00:06]} Nc6 {[%emt 0:00:52]} 7. Ndf3 {[%emt 0:00:18]} Be7 {[%emt 0:01:43]} 8. a3 {[%emt 0:01:01]} O-O {[%emt 0:01:40]} 9. b4 {[%emt 0:01:51]} cxd4 {[%emt 0:01:39]} 10. cxd4 {[%emt 0:01:15]} f6 {[%emt 0:05:37]} 11. Bd3 {[%emt 0:01:37]} Qb6 {[%emt 0:09:40]} 12. Ne2 {[%emt 0:02:54]} a6 {[%emt 0:11:41]} 13. Qc2 {[%emt 0:03:08]} f5 {[%emt 0:06:25]} 14. Be3 {[%emt 0:04:45]} Qc7 {[%emt 0:05:22]} 15. Rc1 {[%emt 0:03:06]} Ndb8 {[%emt 0:02:08]} 16. Nd2 {[%emt 0:04:47]} b5 {[%emt 0:06:08]} 17. Nb3 {[%emt 0:05:20]} Qb6 {[%emt 0:05:24]} 18. Nc5 {[%emt 0:08:06]} a5 {[%emt 0:04:06]} 19. Qd2 {[%emt 0:01:52]} Na6 {[%emt 0:04:55]} 20. Rb1 {[%emt 0:02:26]} axb4 {[%emt 0:01:53]} 21. axb4 {[%emt 0:02:57]} Nc7 {[%emt 0:04:47]} 22. O-O {[%emt 0:01:13]} Rd8 {[%emt 0:05:14]} 23. Rfc1 {[%emt 0:02:28]} Bb7 {[%emt 0:04:01]} 24. Rc2 {[%emt 0:03:29]} Ra3 {[%emt 0:04:14]} 25. Qc1 {[%emt 0:01:41]} Rda8 {[%emt 0:06:03]} 26. Nxb7 {[%emt 0:00:24]} Nxb4 {[%emt 0:03:36]} 27. Rxc7 {[%emt 0:02:59]} Nxd3 {[%emt 0:01:21]} 28. Rc8+ {[%emt 0:01:28]} Kf7 {[%emt 0:00:58]} 29. Qc7 {[%emt 0:00:14]} Qxc7 {[%emt 0:01:55]} 30. Rxc7 {[%emt 0:00:28]} b4 {[%emt 0:00:56]} 31. Nc1 {[%emt 0:02:56]} Nxe5 {[%emt 0:00:43]} 32. dxe5 {[%emt 0:01:03]} Rxe3 {[%emt 0:00:22]} 33. Nd6+ {[%emt 0:00:12]} Kg6 {[%emt 0:00:41]} 34. Rxe7 {[%emt 0:00:08]} b3 {[%emt 0:00:33]} 35. Rxe6+ {[%emt 0:00:21]} Kh5 {[%emt 0:00:22]} 36. Nxf5 {[%emt 0:00:34]} Rc3 {[%emt 0:00:21]} 37. Nxg7+ {[%emt 0:00:17]} Kg4 {[%emt 0:00:10]} 38. Ne2 {[%emt 0:00:44]} Rc2 {[%emt 0:00:22]} 39. h3+ {[%emt 0:00:09]} Kh4 {[%emt 0:00:11]} 40. Nf5+ {[%emt 0:00:00]} Kh5 {[%emt 0:00:00]} 41. g4# 1-0

[Event "European School-ch 2019"]
[Site "Mamaia"]
[Date "2019.06.04"]
[Round "5.27"]
[White "Ciocani, Iosif"]
[Black "Gardiner, Ethan"]
[Result "1-0"]
[WhiteElo "1740"]
[BlackElo "1317"]
[Annotator "NA RC"]
[PlyCount "69"]
[EventDate "2019.05.31"]
[EventType "swiss"]
[EventCountry "ROU"]
[SourceTitle "playchess.com"]
[Source "ChessBase"]
[SourceQuality "1"]
[TimeControl "40/5400+30:1800+30"]

1. e4 {[%emt 0:00:00]} e5 {[%emt 0:00:00]} 2. Nc3 {[%emt 0:00:00]} Nf6 {[%emt 0:00:00]} 3. g3 {[%emt 0:00:02]} Bc5 {[%emt 0:01:55]} 4. Bg2 {[%emt 0:00:15]} d6 {[%emt 0:00:31]} 5. Nge2 {[%emt 0:00:25]} Nc6 {[%emt 0:03:02]} 6. O-O {[%emt 0:00:45]} O-O {[%emt 0:00:26]} 7. Na4 {[%emt 0:00:27]} Bb6 {[%emt 0:00:36]} 8. Nxb6 {[%emt 0:00:12]} axb6 {[%emt 0:00:12]} 9. d4 {[%emt 0:00:23]} exd4 {[%emt 0:07:59]} 10. Nxd4 {[%emt 0:00:25]} Nxd4 {[%emt 0:00:17]} 11. Qxd4 {[%emt 0:00:11]} Re8 {[%emt 0:01:47]} 12. b3 {[%emt 0:05:15]} Qe7 {[%emt 0:03:26]} 13. Re1 {[%emt 0:04:52]} Qe5 {[%emt 0:02:07]} 14. Bb2 {[%emt 0:03:47]} Qxd4 {[%emt 0:09:50]} 15. Bxd4 {[%emt 0:00:34]} Be6 {[%emt 0:00:54]} 16. c4 {[%emt 0:01:52]} Ra7 {[%emt 0:06:58]} 17. f4 {[%emt 0:06:36]} Bd7 {[%emt 0:07:28]} 18. a4 {[%emt 0:02:23]} c5 {[%emt 0:01:19]} 19. Bxf6 {[%emt 0:02:05]} gxf6 {[%emt 0:00:13]} 20. Rad1 {[%emt 0:02:26]} Bc6 {[%emt 0:06:42]} 21. Rxd6 {[%emt 0:00:52]} f5 {[%emt 0:00:33]} 22. e5 {[%emt 0:02:05]} Bxg2 {[%emt 0:00:48]} 23. Kxg2 {[%emt 0:00:01]} Re6 {[%emt 0:02:01]} 24. Red1 {[%emt 0:02:02]} Rxd6 {[%emt 0:00:37]} 25. Rxd6 {[%emt 0:00:19]} Ra6 {[%emt 0:02:54]} 26. Kf3 {[%emt 0:00:56]} Kg7 {[%emt 0:01:26]} 27. Rf6 {[%emt 0:00:11]} Ra8 {[%emt 0:00:20]} 28. Rxb6 {[%emt 0:00:28]} Rb8 {[%emt 0:00:29]} 29. Rb5 {[%emt 0:00:40]} Rd8 {[%emt 0:00:24]} 30. Rxb7 {[%emt 0:00:18]} Kf8 {[%emt 0:00:44]} 31. Ke2 {[%emt 0:00:22]} Ke8 {[%emt 0:00:25]} 32. Rb5 {[%emt 0:00:22]} Rc8 {[%emt 0:01:00]} 33. a5 {[%emt 0:00:09]} Ke7 {[%emt 0:00:11]} 34. a6 {[%emt 0:00:11]} Ra8 {[%emt 0:00:07]} 35. Rb7+ 1-0